| 000 | 01302nam a2200337 i 4500 | ||
|---|---|---|---|
| 001 | 13121 | ||
| 003 | KOSZ 005 | ||
| 005 | 20211025120421.0 | ||
| 008 | 071102s1967 pl a f 001 0 pol | ||
| 015 | _aPB 1967/1684 | ||
| 040 |
_aWA N _cWA N _dKOSZ 005/RW |
||
| 041 | 1 |
_apol _hrus |
|
| 080 | _a621.3 | ||
| 100 | 1 |
_aKossov, Oleg Alekseevič. _eAutor |
|
| 245 | 1 | 0 |
_aTranzystorowe wzmacniacze mocy / _cO. A. Kossow ; tł. Kazimierz Korcz, Janusz Migdalski, Władysław Torbicz. |
| 246 | 1 |
_iTyt. oryg.: _aUsiliteli moŝnosti na tranzistorah v režime pereklûčenij. |
|
| 260 |
_aWarszawa : _bWydawnictwa Naukowo-Techniczne, _c1967. |
||
| 300 |
_a296 s. : _bil., err. ; _c23 cm. |
||
| 380 | _aKsiążki. | ||
| 504 | _aBibliogr. s. 286-[293]. Indeks. | ||
| 521 | 8 | _aDla specjalistów i studentów. | |
| 655 | 4 | _aPodręczniki akademickie | |
| 650 | 4 | _aTranzystory | |
| 650 | 4 | _aWzmacniacz | |
| 700 | 1 |
_aMigdalski, Janusz _d(1935- ). _eTłumaczenie |
|
| 710 | 2 |
_aWydawnictwa Naukowo-Techniczne _4pbl. |
|
| 700 | 1 |
_aKorcz, Kazimierz _eTłumaczenie |
|
| 700 | 1 |
_aTorbicz, Władysław _d(1935- ) _eTłumaczenie |
|
| 856 |
_uhttp://koha.tu.koszalin.pl/cgi-bin/koha/opac-detail.pl?biblionumber=13121 _yKatalog online BPK |
||
| 942 |
_2UKD _cKS |
||
| 999 |
_c13121 _d13121 |
||